Normal view
MARC view
- ادارة المواد - المخازن - الشراء - التوريدات - ادارة
Entry Topical Term
001 - CONTROL NUMBER
- control field: 57206
003 - CONTROL NUMBER IDENTIFIER
- control field: JO-AjAnu
005 - DATE AND TIME OF LATEST TRANSACTION
- control field: 20230606083353.0
008 - FIXED-LENGTH DATA ELEMENTS
- fixed length control field: 230606|| aca||aabn | a|a d
040 ## - CATALOGING SOURCE
- Original cataloging agency: JO-AjAnu
- Transcribing agency: JO-AjAnu
150 ## - HEADING--TOPICAL TERM
- Topical term or geographic name entry element: ادارة المواد - المخازن - الشراء - التوريدات - ادارة
670 ## - SOURCE DATA FOUND
- Source citation: Work cat.: (JO-AjAnu)29188: جواد،شوقي ناجي، م.مشارك محمد سالم الشموط, author 57205, إدارة سلسلة التوريد : علاقات الموردين : مدخل إداري = Supply Chain Management : Suppliers Relations : Managerial Approach